[Event "Commonwealth-ch"]
[Site "New Delhi"]
[Date "2007.12.10"]
[Round "10"]
[White "Padsalgikar, Bhausaheb"]
[Black "Anusha, NLV"]
[Result "0-1"]
[WhiteElo "1876"]
[BlackElo "1843"]
[PlyCount "65"]
[EventDate "2007.12.03"]
[EventType "swiss"]
[EventRounds "10"]
[EventCountry "IND"]
[SourceTitle "CBM 121 Extra"]
[Source "ChessBase"]
[SourceDate "2008.01.10"]
[SourceVersion "1"]
[SourceVersionDate "2008.01.10"]
[SourceQuality "1"]

1. d4 Nf6 2. c4 e6 3. Nc3 Bb4 4. Qc2 0-0 5. Bg5 d5 6. e3 h6 7. Bxf6 Qxf6 8. Nf3 c5 9. a3 Bxc3+ 10. bxc3 b6 11. Be2 Nd7 12. cxd5 exd5 13. 0-0 Bb7 14. Bb5 Bc6 15. Qa4 Bxb5 16. Qxb5 Rad8 17. a4 Rfe8 18. a5 Re4 19. axb6 axb6 20. Ra7 Qd6 21. Rfa1 Re6 22. Rb7 Nf8 23. Raa7 Rf6 24. Ne5 Qe6 25. Rxf7 Rxf7 26. Rxf7 Ng6 27. Rd7 Ra8 28. f4 Ra1+ 29. Kf2 Ra2+ 30. Kg3 Nxe5 31. dxe5 Qg6+ 32. Kh4 Rxg2 33. Rxg7+ 0-1

[Event "Commonwealth-ch"]
[Site "New Delhi"]
[Date "2007.12.05"]
[Round "5"]
[White "Negi, Digvijay Singh"]
[Black "Padsalgikar, Bhausaheb"]
[Result "1-0"]
[WhiteElo "2056"]
[BlackElo "1876"]
[PlyCount "85"]
[EventDate "2007.12.03"]
[EventType "swiss"]
[EventRounds "10"]
[EventCountry "IND"]
[SourceTitle "CBM 121 Extra"]
[Source "ChessBase"]
[SourceDate "2008.01.10"]
[SourceVersion "1"]
[SourceVersionDate "2008.01.10"]
[SourceQuality "1"]

1. e4 c5 2. Nf3 Nc6 3. d4 cxd4 4. Nxd4 Nf6 5. Nc3 g6 6. Nxc6 bxc6 7. e5 Nh5 8. Bc4 d5 9. exd6 Qxd6 10. Qe2 Nf6 11. Bg5 Bg7 12. Rd1 Qb4 13. 0-0 Bf5 14. Rfe1 0-0 15. Qxe7 Qxc4 16. Bxf6 Bxf6 17. Qxf6 Bxc2 18. b3 Qc5 19. Rc1 Rfe8 20. Na4 Qb4 21. Qc3 Qxc3 22. Nxc3 Rxe1+ 23. Rxe1 Rd8 24. f3 Rd2 25. Re2 Rxe2 26. Nxe2 Bd3 27. Kf2 Kf8 28. Ke3 Bxe2 29. Kxe2 Ke7 30. Kd3 Kd6 31. Kc4 f6 32. b4 a6 33. f4 h6 34. g3 Kd7 35. Kc5 Kc7 36. g4 f5 37. gxf5 gxf5 38. a4 h5 39. h3 h4 40. a5 Kd7 41. Kb6 Kd6 42. Kxa6 Kc7 43. Ka7 1-0